000 00270nam a2200121Ia 4500
100 _aGieck/ Kurt
942 _cBK
654 _aEngineering formulas
245 _aEngineering formulas
260 _bMcGraw Hill
_aNew York
_c1976
082 _a621.0212
546 _aENGLISH
999 _c19234
_d19234